The Health and Safety Executive (Record no. 82316)

MARC details
000 -LEADER
fixed length control field 00979cad a22002055a 4500
001 - CONTROL NUMBER
control field L149904
008 - FIXED-LENGTH DATA ELEMENTS--GENERAL INFORMATION
fixed length control field 100514e2010 xxk 000 0 eng d
035 ## - SYSTEM CONTROL NUMBER
System control number (Sirsi) u149904
041 0# - LANGUAGE CODE
Language code of text/sound track or separate title eng
050 ## - LIBRARY OF CONGRESS CALL NUMBER
Classification number 690.22 $2 18
110 2# - MAIN ENTRY--CORPORATE NAME
Corporate name or jurisdiction name as entry element Great Britain
Subordinate unit Health and Safety Executive
245 04 - TITLE STATEMENT
Title The Health and Safety Executive
Remainder of title business plan 2010/11
Medium [electronic resource]
260 ## - PUBLICATION, DISTRIBUTION, ETC.
Place of publication, distribution, etc. Caerphilly
Name of publisher, distributor, etc. HSE
Date of publication, distribution, etc. 2010
520 ## - SUMMARY, ETC.
Summary, etc. HSE will take actions to progress the strategy outlined in Be Part of the Solution; covers improving the working environment; creating healthier,safer workplaces; avoiding catastrophe; investigations and securing justice; taking responsibility; includes numerous references to the construction industry.
590 ## - LOCAL NOTE (RLIN)
Local note KA NTK
651 #4 - SUBJECT ADDED ENTRY--GEOGRAPHIC NAME
Geographic name United Kingdom
Chronological subdivision
690 ## - LOCAL SUBJECT ADDED ENTRY--TOPICAL TERM (OCLC, RLIN)
Topical term or geographic name as entry element Health and safety
9 (RLIN) 6244
856 48 - ELECTRONIC LOCATION AND ACCESS
Uniform Resource Identifier <a href="https://www.hse.gov.uk/aboutus/strategiesandplans/businessplans/plan1011.pdf">https://www.hse.gov.uk/aboutus/strategiesandplans/businessplans/plan1011.pdf</a>
Public note View the website free of charge at www.hse.gov.uk
942 ## - ADDED ENTRY ELEMENTS (KOHA)
Suppress in OPAC 0
Holdings
Withdrawn status Lost status Source of classification or shelving scheme Damaged status Not for loan Home library Current library Shelving location Date acquired Total Checkouts Full call number Barcode Date last seen Copy number Price effective from Koha item type
    Dewey Decimal Classification     Virtual Virtual Online 14/05/2010   ONLINE PUBLICATION 149904-2001 06/08/2019 1 06/08/2019 Online material